[Event "NRW U14 op"]
[Site "Olpe"]
[Date "2005.10.01"]
[Round "2.8"]
[White "Mijatovic, Andrea"]
[Black "Woll, Kevin"]
[Result "1/2-1/2"]
[WhiteElo "1571"]
[BlackElo "1252"]
[PlyCount "90"]
[EventDate "2005.10.01"]
[EventType "swiss"]
[EventRounds "7"]
[EventCountry "GER"]
[SourceTitle "CBM 108 Extra"]
[Source "ChessBase"]
[SourceDate "2005.11.04"]
[SourceVersion "1"]
[SourceVersionDate "2005.11.04"]
[SourceQuality "1"]

1. e4 e5 2. Nf3 Nf6 3. Nc3 Nc6 4. Bc4 Bc5 5. d3 h6 6. Qe2 d6 7. h3 Be6 8. Bxe6 fxe6 9. Bd2 0-0 10. 0-0-0 Nd4 11. Nxd4 exd4 12. Na4 Qe8 13. Nxc5 dxc5 14. g4 Qf7 15. Rdg1 e5 16. Kb1 Nh7 17. Rh2 Ng5 18. Bxg5 hxg5 19. Rgh1 Rae8 20. h4 gxh4 21. Rxh4 Qf6 22. R1h3 Qe6 23. Rh8+ Kf7 24. Rf3+ Ke7 25. Rfxf8 Rxf8 26. Rxf8 Kxf8 27. Qf3+ Qf7 28. Qg3 Qf6 29. Kc1 g5 30. Kd2 Ke7 31. Qh2 Kd6 32. Ke2 Qe6 33. f3 c4 34. Qh7 cxd3+ 35. cxd3 Qxa2 36. Qh6+ Kc5 37. Qf8+ Kc6 38. Qf6+ Kd7 39. Qf5+ Kd6 40. Qf6+ Kd7 41. Qg7+ Kd6 42. Qf8+ Kd7 43. Qg7+ Kd6 44. Qf8+ Kd7 45. Qg7+ Kd6 1/2-1/2